Guess the 1970s song lyrics #305 - Statistics

General Stats
  • This quiz has been taken 11 times
  • The average score is 160 of 285
Answer Stats
Answer % Correct
a
100%
you
100%
can
89%
on
89%
And
78%
Don't
78%
down
78%
if
78%
it
78%
it's
78%
Just
78%
take
78%
that
78%
them
78%
they
78%
get
67%
let
67%
make
67%
see
67%
up
67%
your
67%
Hold
56%
their
56%
you're
56%
cry
44%
head
44%
high
44%
thing
44%
eyes
33%
bad
22%
change
22%
doing
22%
woman
22%
burn
0%
hurts
0%
moving
0%
shout
0%
stare
0%
No matching quizzes found
Score Distribution
Percent of People with Each Score
Percentile by Number Answered
Your Score History
You have not taken this quiz